The civil service of Malaysia : strengthening the administrative mechanism(improvement and development in the civil service of Malaysia 1998)

Bibliographic Details
Corporate Author: Malaysian Administrative Modernisation and Management Planning Unit(MAMPU)
Format: Book
Published: Kuala Lumpur : MAMPU , 1999
Subjects:

MARC

LEADER 00000cam a2200000 7i4500
001 0000006646
005 20050426.0
020 |a 9839827111 
040 |a INS 
090 0 0 |a RJQ1062.A67   |b A22 1999 
245 1 4 |a The civil service of Malaysia :   |b strengthening the administrative mechanism(improvement and development in the civil service of Malaysia 1998) 
260 |a Kuala Lumpur :   |b MAMPU ,   |c 1999 
650 0 0 |a Civil service reform   |z Malaysia 
650 0 0 |a Civil service   |z Malaysia 
650 0 0 |a Information technology   |z Malaysia 
710 2 |a Malaysian Administrative Modernisation and Management Planning Unit(MAMPU) 
999 |a 0000007553   |b BOOK   |c Reference   |e Default branch